Study the prevalence of genetic mutations of methylenetetrahydrofolate reductase gene in patients of acute ischemic stroke and its correlation with plasma homocysteine levels (Record no. 869429)

MARC details
000 -LEADER
fixed length control field 01138nam a2200289Ia 4500
003 - CONTROL NUMBER IDENTIFIER
control field OSt
005 - DATE AND TIME OF LATEST TRANSACTION
control field 20220930080202.0
008 - FIXED-LENGTH DATA ELEMENTS--GENERAL INFORMATION
fixed length control field 220926b |||||||| |||| 00| 0 eng d
037 ## - SOURCE OF ACQUISITION
Terms of availability Theses
040 ## - CATALOGING SOURCE
Original cataloging agency CRL
Transcribing agency CRL
Language of cataloging eng
041 ## - LANGUAGE CODE
Source of code eng
Language code of text/sound track or separate title eng
100 ## - MAIN ENTRY--PERSONAL NAME
Personal name Bhatia Kush
9 (RLIN) 538266
110 ## - MAIN ENTRY--CORPORATE NAME
Corporate name or jurisdiction name as entry element University of Delhi. Faculty of Medical Sciences. Department of Medicine
245 #0 - TITLE STATEMENT
Title Study the prevalence of genetic mutations of methylenetetrahydrofolate reductase gene in patients of acute ischemic stroke and its correlation with plasma homocysteine levels
260 ## - PUBLICATION, DISTRIBUTION, ETC.
Date of publication, distribution, etc. 2006
650 ## - SUBJECT ADDED ENTRY--TOPICAL TERM
Topical term or geographic name entry element MEDICINE
700 ## - ADDED ENTRY--PERSONAL NAME
Personal name Dr. Jayashree Bhattacharjee Gu.
9 (RLIN) 536865
700 ## - ADDED ENTRY--PERSONAL NAME
Personal name Dr. K. N. Saraswathy Gu.
9 (RLIN) 538267
700 ## - ADDED ENTRY--PERSONAL NAME
Personal name Dr. Rajinder K. Dhamija Gu.
9 (RLIN) 536087
700 ## - ADDED ENTRY--PERSONAL NAME
Personal name Dr. S. K. Mishra Gu.
9 (RLIN) 536082
700 ## - ADDED ENTRY--PERSONAL NAME
Personal name University of Delhi. Faculty of Medical Sciences. Department of Medicine
942 ## - ADDED ENTRY ELEMENTS (KOHA)
Koha item type Dissertations
Source of classification or shelving scheme Colon Classification (CC)
Holdings
Withdrawn status Lost status Damaged status Not for loan Home library Current library Date acquired Total Checkouts Barcode Date last seen Price effective from Koha item type
        Central Library Central Library 2022-09-30   TH0014966 2022-09-30 2022-09-30 Thesis
Copyright @ Delhi University Library System